Cliquez sur le quart de finaliste de la Coupe du monde 2022 - Statistiques

Statistiques générales
  • Ce quiz a été pris 227 fois
  • Le résultat moyen est 10 sur 16
Statistiques - réponses
Hint Réponse % Correct
Est localisé au Maghreb Maroc
94%
A gagné plus de fois la coupe du monde que n'importe quel autre pays Brésil
92%
Tire la majorité de son électricité du nucléaire France
75%
A un drapeau uniquement composé de blanc et de rouge Angleterre
74%
Est le pays de naissance du Pape François Argentine
73%
Est situé sur l'Equateur Brésil
71%
Est connu pour ses Casbahs Maroc
68%
Est le pays le moins peuplé présent dans ce quiz Croatie
65%
D'où le fromage Gouda vient Pays-Bas
65%
Borde la mer adriatique Croatie
62%
A été le premier pays à légaliser le mariage homosexuel Pays-Bas
55%
A 12 fuseaux horaires différents, plus que n'importe quel autre pays France
52%
Abrite la plus haute montagne du monde non-asiatique Argentine
44%
Etait le pays d'Henri le navigateur Portugal
36%
Est le premier producteur mondial de liège Portugal
28%
N'est pas un membre de l'ONU Angleterre
22%
Aucun quiz correspondant
Distribution des résultats
% des personnes avec chaque résultat
Percentile par nombre de réponses
Votre historique - résultats
Vous n’avez pas pris ce quiz